Catalog

Record Details

Catalog Search



Merhorses and bubbles / story by Asia Citro ; ... Read More

Citro, Asia,(author.).
Lindsay, Marion,(illustrator.).

Available copies

  • 1 of 1 copy available at LARL/NWRL Consortium.
  • 1 of 1 copy available at Lake Agassiz Regional Library. (Show preferred library)

Current holds

0 current holds with 1 total copy.

Show All Copies
Location Call Number / Copy Notes Barcode Shelving Location Status Due Date
Ulen LINK Site J CIT (Text) 33500013457072 Main Available -

Record details

  • ISBN: 9781943147182
  • ISBN: 1943147183
  • ISBN: 9781943147199
  • ISBN: 1943147191
  • Physical Description: 96 pages : illustrations ; 21 cm
  • Publisher: [Seattle, WA] : Innovation Press, [2017]

Content descriptions

Summary, etc.:
Making a terrible discovery at the stream about a ... Read More
Target Audience Note:
Grades K-5.
Study Program Information Note:
Accelerated Reader AR LG 3.9 1 189301.
Subject: Cats > Juvenile fiction.
Animals, Mythical > Juvenile fiction.
Horses > Juvenile fiction.
Aquatic ecology > Juvenile fiction.
Ecology > Juvenile fiction.
Science > Experiments > Juvenile fiction.
Cats > Fiction.
Imaginary creatures > Fiction.
Horses > Fiction.
Ecology > Fiction.
Science > Experiments > Fiction.
Experiments > Fiction.
Cats.
Ecology.
Illustrated children's books.
Science > Experiments.
Cats > Fiction.
Ecology > Fiction.
Imaginary creatures > Fiction.
Science > Experiments > Fiction.
Illustrated children's books.
Experiments > Fiction.
Genre: Children's stories.
Fantasy fiction.
Fantasy fiction > Juvenile fiction.
Fantasy fiction > Fiction.
Fantasy fiction.
Fiction.
Juvenile works.
Fantasy fiction.
Fantasy fiction.
LDR 03575cam a2200853Ii 4500
001374973
003LARL_NWRL_CONSORTIUM
00520210909164022.0
008160613s2017 waua j 000 1 eng d
010 . ‡a 2016904047
040 . ‡aYDXCP ‡beng ‡erda ‡cYDXCP ‡dBDX ‡dBTCTA ‡dJSE ‡dSINLB ‡dOCLCO ‡dJBL ‡dOCLCO ‡dNYP ‡dVTL ‡dOCLCO ‡dTXLBH ‡dEHH ‡dNZAUC ‡dORX ‡dOCLCO ‡dIGA ‡dWYZ ‡dCHILD ‡dGRC ‡dOEL ‡dTXGSP ‡dLG4 ‡dOCLCF ‡dMLM ‡dXH5 ‡dIDQ ‡dOCLCO ‡dOCJ ‡dOCLCO ‡dALD ‡dUAG ‡dUPM ‡dXOL ‡dOCLCO ‡dK#T ‡dOCLCO ‡dDYJ ‡dOCLCO ‡dBGI ‡dIDY ‡dJX9 ‡dOCLCO ‡dLKC ‡dIS# ‡dZQP ‡dOCLCO ‡dYNQ ‡dOCLCO ‡dOCLCQ ‡dOCLCO ‡dDWP ‡dILC ‡dOCLCO
020 . ‡a9781943147182 ‡q(hardcover)
020 . ‡a1943147183 ‡q(hardcover)
020 . ‡a9781943147199 ‡q(pbk.)
020 . ‡a1943147191 ‡q(pbk.)
035 . ‡a(OCoLC)951644529
08204. ‡a[Fic] ‡223
1001 . ‡aCitro, Asia, ‡eauthor. ‡0(LARL_NWRL_CONSORTIUM)222286
24510. ‡aMerhorses and bubbles / ‡cstory by Asia Citro ; pictures by Marion Lindsay.
264 1. ‡a[Seattle, WA] : ‡bInnovation Press, ‡c[2017]
300 . ‡a96 pages : ‡billustrations ; ‡c21 cm
336 . ‡atext ‡btxt ‡2rdacontent
336 . ‡astill image ‡bsti ‡2rdacontent
337 . ‡aunmediated ‡bn ‡2rdamedia
338 . ‡avolume ‡bnc ‡2rdacarrier
385 . ‡nage ‡aChildren ‡2lcdgt
4900 . ‡aZoey and Sassafras ; ‡v3
521 . ‡aGrades K-5.
520 . ‡aMaking a terrible discovery at the stream about a mysterious threat that is endangering its magical creatures, Zoey and Sassafras race against time to discover the source of the problem and save the Merhorse species.
5260 . ‡aAccelerated Reader AR ‡bLG ‡c3.9 ‡d1 ‡z189301.
650 0. ‡aCats ‡vJuvenile fiction. ‡0(LARL_NWRL_CONSORTIUM)164135
650 0. ‡aAnimals, Mythical ‡vJuvenile fiction. ‡0(LARL_NWRL_CONSORTIUM)170656
650 0. ‡aHorses ‡vJuvenile fiction. ‡0(LARL_NWRL_CONSORTIUM)165686
650 0. ‡aAquatic ecology ‡vJuvenile fiction.
650 0. ‡aEcology ‡vJuvenile fiction.
650 0. ‡aScience ‡xExperiments ‡vJuvenile fiction.
650 1. ‡aCats ‡vFiction. ‡0(LARL_NWRL_CONSORTIUM)164102
650 1. ‡aImaginary creatures ‡vFiction.
650 1. ‡aHorses ‡vFiction. ‡0(LARL_NWRL_CONSORTIUM)165676
650 1. ‡aEcology ‡vFiction.
650 1. ‡aScience ‡xExperiments ‡vFiction.
650 1. ‡aExperiments ‡vFiction.
650 7. ‡aCats. ‡2fast ‡0(LARL_NWRL_CONSORTIUM)16024
650 7. ‡aEcology. ‡2fast ‡0(LARL_NWRL_CONSORTIUM)18966
650 7. ‡aIllustrated children's books. ‡2fast ‡0(LARL_NWRL_CONSORTIUM)22716
650 7. ‡aScience ‡xExperiments. ‡2fast ‡0(LARL_NWRL_CONSORTIUM)30369
650 7. ‡aCats ‡vFiction. ‡2sears ‡0(LARL_NWRL_CONSORTIUM)164102
650 7. ‡aEcology ‡vFiction. ‡2sears
650 7. ‡aImaginary creatures ‡vFiction. ‡2sears
650 7. ‡aScience ‡xExperiments ‡vFiction. ‡2sears
650 7. ‡aIllustrated children's books. ‡2sears ‡0(LARL_NWRL_CONSORTIUM)22716
650 7. ‡aExperiments ‡vFiction. ‡2sears
655 0. ‡aChildren's stories.
655 4. ‡aFantasy fiction.
655 4. ‡aFantasy fiction ‡vJuvenile fiction.
655 4. ‡aFantasy fiction ‡vFiction.
655 7. ‡aFantasy fiction. ‡2fast
655 7. ‡aFiction. ‡2fast
655 7. ‡aJuvenile works. ‡2fast
655 7. ‡aFantasy fiction. ‡2gsafd
655 7. ‡aFantasy fiction. ‡2lcgft
7001 . ‡aLindsay, Marion, ‡eillustrator.
901 . ‡a374973 ‡b ‡c374973 ‡tbiblio

Additional Resources